Renato Carosone '82 (Record n. 101328)

Dettagli MARC
000 -LEADER
fixed length control field 01603njm a2200361Ia 4500
001 - CONTROL NUMBER
control field 24620
003 - CONTROL NUMBER IDENTIFIER
control field IT-RoPAU
005 - DATE AND TIME OF LATEST TRANSACTION
control field 20220918181142.0
008 - FIXED-LENGTH DATA ELEMENTS--GENERAL INFORMATION
fixed length control field 131025s9999 xx 000 0 und d
040 ## - CATALOGING SOURCE
Original cataloging agency IT-RoPAU
040 ## - CATALOGING SOURCE
Transcribing agency IT-RoPAU
041 ## - LANGUAGE CODE
Language code of text/sound track or separate title ITALIANO
999 ## - SYSTEM CONTROL NUMBERS (KOHA)
Koha Dewey Subclass [OBSOLETE] n.d.
100 ## - MAIN ENTRY--PERSONAL NAME
Personal name Carosone Renato
9 (RLIN) 11046
100 ## - MAIN ENTRY--PERSONAL NAME
Relator term Autore musica
9 (RLIN) 11047
100 ## - MAIN ENTRY--PERSONAL NAME
Miscellaneous information Codice autore musica SPICS: 9614
9 (RLIN) 11048
245 ## - TITLE STATEMENT
Title Renato Carosone '82
250 ## - EDITION STATEMENT
Edition statement 1a ed.
260 ## - PUBLICATION, DISTRIBUTION, ETC. (IMPRINT)
Place of publication, distribution, etc. VITERBO
260 ## - PUBLICATION, DISTRIBUTION, ETC. (IMPRINT)
Name of publisher, distributor, etc. LETTERA A RECORD
Date of publication, distribution, etc. 1982 [1a Ed.:1982 - Ed. Lingua Orig.: 1982]
300 ## - PHYSICAL DESCRIPTION
Extent DISCO
300 ## - PHYSICAL DESCRIPTION
Dimensions 35 minuti (Testo: pag.)
500 ## - GENERAL NOTE
General note Canzone italiana dialettale napoletana
505 ## - FORMATTED CONTENTS NOTE
Formatted contents note Io tengo n'appartamento - Penelope e Ulisse - C'aimma fa? - Improvvisamente - Un caffè - Nu sassofono americano - 'O pellirosse - 'O tappeto - Badù badù - Lettera da Milano
650 ## - SUBJECT ADDED ENTRY--TOPICAL TERM
Topical term or geographic name as entry element CANZONE ITALIAN [DISCHI]
Relator term Codice MATERIA SPICS: 9950
9 (RLIN) 11049
700 ## - ADDED ENTRY--PERSONAL NAME
Personal name Carosone Renato
Relator term Autore testo e musica
Miscellaneous information Codice autore testo/musica SPICS: 9614
9 (RLIN) 11050
700 ## - ADDED ENTRY--PERSONAL NAME
Personal name Carosone Renato
Miscellaneous information Codice interprete SPICS: 9614
Relator term Interprete
9 (RLIN) 11051
700 ## - ADDED ENTRY--PERSONAL NAME
Personal name Nisa (Salerno Nicola)
Miscellaneous information Codice autore testo/musica SPICS: 13452
Relator term Autore testo/musica
Name of part/section of a work 'O pellirosse - 'O tappeto
9 (RLIN) 11052
700 ## - ADDED ENTRY--PERSONAL NAME
Personal name Kennedy Janet
Miscellaneous information Codice autore musica SPICS: 9565
Relator term Autore musica
Name of part/section of a work Badù badù
9 (RLIN) 11053
700 ## - ADDED ENTRY--PERSONAL NAME
Personal name Bertini Umberto
Miscellaneous information Codice autore SPICS: 13511
Relator term Autore
Name of part/section of a work Badù badù
9 (RLIN) 11054
700 ## - ADDED ENTRY--PERSONAL NAME
Personal name De Mura Ettore
Miscellaneous information Codice autore testo/musica SPICS: 13721
Relator term Autore testo/musica
Name of part/section of a work Lettera da Milano
9 (RLIN) 11055
942 ## - ADDED ENTRY ELEMENTS (KOHA)
Koha item type DISCHI
Source of classification or shelving scheme Dewey Decimal Classification
Dati di copia
Withdrawn status Lost status Damaged status Not for loan Home library Current library Date acquired Total Checkouts Full call number Date last seen Price effective from Koha item type Public note
    Buone Condizioni Not For Loan SPICS-MEDIATECA SPICS-MEDIATECA 25/10/2013   24620 25/10/2013 25/10/2013 DISCHI Progr. Ins.: 5315 / N.Vol.: 1 / Copie: 1 - Copia rara: n.d. / date import: 01.01.2014 - By Epidotti, Trombetti, Vaglietti
CREDITS: SOCIETA' SAN PAOLO Via A.Severo, 58 - ROMA (RM) & PERIODICI SAN PAOLO SRL Via Giotto, 36 MILANO & CISF Via Giotto, 36 MILANO & EDIZIONI SAN PAOLO SRL,  Piazza Soncino, 5 CINISELLO BALSAMO (MI) -- ITALY